000 00763nam a2200289Ia 4500
001 Z_4607
003 CHAP
008 220113s1980 xx 000 0 und d
010 _a167682
040 _cCHAP
082 _a378.242 K4
100 _aKeithley, Erwin M
_962914
245 _aManual para la elaboración de tesis, monografías e informes /
_cpor Erwin M Keithley y Philip J. Schreiner
260 _aGlenview, Il. :
_bScott,
_c1980
300 _a107 p.
440 _a
500 _a
503 _a
650 _aInvestigación
_xMetodología
_960237
650 _atrabajos científicos
_xElaboración I. Schereiner, Philip J.
_9141954
901 _a378.242 K4
902 _aA
910 _a1980
942 _c1
942 _cc1
999 _c167682
_d167682